The earth's dynamic systems A textbook in physical geology
The book presents and discusses two major energy systemsthat make the Earth a dynamic planet: one is a hydrologic system, the circulation of waterover the Earth's surface, which involves the movement of water in the ocean, rivers, underground, and in glaciers. The other is the tectonic system,...
Gardado en:
| Autor Principal: | |
|---|---|
| Formato: | Libro |
| Idioma: | Undetermined |
| Publicado: |
New York
MacMillan
1989
|
| Những chủ đề: | |
| Các nhãn: |
Engadir etiqueta
Sen Etiquetas, Sexa o primeiro en etiquetar este rexistro!
|
| Thư viện lưu trữ: | Trung tâm Học liệu Trường Đại học Cần Thơ |
|---|
| LEADER | 00998nam a2200205Ia 4500 | ||
|---|---|---|---|
| 001 | CTU_22352 | ||
| 008 | 210402s9999 xx 000 0 und d | ||
| 082 | |a 551 | ||
| 082 | |b H199 | ||
| 100 | |a William Kenneth Hamblin | ||
| 245 | 4 | |a The earth's dynamic systems | |
| 245 | 2 | |b A textbook in physical geology | |
| 245 | 0 | |c William Kenneth Hamblin | |
| 260 | |a New York | ||
| 260 | |b MacMillan | ||
| 260 | |c 1989 | ||
| 520 | |a The book presents and discusses two major energy systemsthat make the Earth a dynamic planet: one is a hydrologic system, the circulation of waterover the Earth's surface, which involves the movement of water in the ocean, rivers, underground, and in glaciers. The other is the tectonic system, the movement of material powered by heat from the Earth's interior. This system involves the evolution of continents and ocean basins, and mountain-building | ||
| 650 | |a physical geology | ||
| 904 | |i Minh, 980420 | ||
| 980 | |a Trung tâm Học liệu Trường Đại học Cần Thơ | ||